000 01423cam a2200397 a 4500
001 2904
003 FISKH
005 20240123095720.0
008 030617s2004 maua b 000 1 eng
010 _a 2003055336
020 _a0763620246 (alk. paper)
020 _a9780763648619
020 _a9780763648626 (hardcover)
020 _a9781536200744 (paperback)
040 _aDLC
_cDLC
_dDLC
_beng
042 _alcac
050 0 0 _aPZ7.M478419
_bJum 2004
082 0 0 _a[Fic]
_222
100 1 _aMcDonald, Megan.
245 1 0 _aJudy Moody, M.D. :
_bthe doctor is in! /
_cMegan McDonald ; illustrated by Peter H. Reynolds.
250 _aFirst paperback edition in this format 2010
260 _aSomer Ville :
_bCandlewick Press,
_c2004.
300 _a151 pages :
_billustrations ;
_c20 cm
505 _aJ
520 _aJudy is excited about becoming a doctor, especially when Class 3T starts a new unit on the human body, but she learns more about being a patient when she catches tonsillitis from her little brother, Stink.
521 8 _a500
_bLexile
521 8 _aJ
_bRaz-Plus
650 1 _aSick
_vFiction.
650 1 _aMedical care
_vFiction.
650 1 _aSiblings
_vFiction.
650 1 _aSchools
_vFiction.
650 1 _aHumorous stories.
700 1 _aReynolds, Peter H.
_q(Peter Hamilton),
_d1961-
_eillustrator
906 _a7
_bcbc
_corignew
_d1
_eocip
_f20
_gy-gencatlg
942 _2ddc
_cBK
_n0
999 _c2904
_d2904